The concise Oxford dictionary of politics / (Record no. 25546)
[ view plain ]
| 000 -LEADER | |
|---|---|
| fixed length control field | 01370cam a22003615i 4500 |
| 001 - CONTROL NUMBER | |
| control field | 13404212 |
| 003 - CONTROL NUMBER IDENTIFIER | |
| control field | EG-ScBUE |
| 005 - DATE AND TIME OF LATEST TRANSACTION | |
| control field | 20200128093822.0 |
| 008 - FIXED-LENGTH DATA ELEMENTS--GENERAL INFORMATION | |
| fixed length control field | 031114s2003 enk f d 000 0 eng d |
| 020 ## - INTERNATIONAL STANDARD BOOK NUMBER | |
| International Standard Book Number | 0192802763 (pbk.) |
| 020 ## - INTERNATIONAL STANDARD BOOK NUMBER | |
| International Standard Book Number | 9780192802767 |
| 040 ## - CATALOGING SOURCE | |
| Original cataloging agency | DLC |
| Language of cataloging | eng |
| Description conventions | rda |
| Transcribing agency | DLC |
| Modifying agency | DLC |
| -- | EG-ScBUE |
| 082 04 - DEWEY DECIMAL CLASSIFICATION NUMBER | |
| Classification number | 320.03 |
| Item number | CON |
| Edition number | 22 |
| 245 04 - TITLE STATEMENT | |
| Title | The concise Oxford dictionary of politics / |
| Statement of responsibility, etc | edited by Iain McLean and Alistair McMillan. |
| 246 30 - VARYING FORM OF TITLE | |
| Title proper/short title | Politics |
| 250 ## - EDITION STATEMENT | |
| Edition statement | Second edition. |
| 250 ## - EDITION STATEMENT | |
| Edition statement | New edition. |
| 264 #1 - PUBLICATION, DISTRIBUTION, ETC. (IMPRINT) | |
| Place of publication, distribution, etc | Oxford : |
| Name of publisher, distributor, etc | Oxford University Press, |
| Date of publication, distribution, etc | 2003. |
| 300 ## - PHYSICAL DESCRIPTION | |
| Extent | xii, 606 pages ; |
| Dimensions | 20 cm. |
| 336 ## - CONTENT TYPE | |
| Content type term | text |
| Content type code | txt |
| Source | rdacontent |
| 337 ## - MEDIA TYPE | |
| Media type term | unmediated |
| Source | rdamedia |
| Media type code | n |
| 338 ## - CARRIER TYPE | |
| Carrier type term | volume |
| Carrier type code | nc |
| Source | rdacarrier |
| 490 0# - SERIES STATEMENT | |
| Series statement | Oxford paperback reference |
| 500 ## - GENERAL NOTE | |
| General note | Many books in the Oxford paperback reference series are available as an e-book. Visit "www.askoxford.com/shoponline/ebooks/for details" |
| 520 ## - SUMMARY, ETC. | |
| Summary, etc | Alphabetically arranged entries provide information on political institutions, concepts, leaders, thinkers, and terms.<br/> |
| 650 #7 - SUBJECT ADDED ENTRY--TOPICAL TERM | |
| Topical term or geographic name as entry element | Political science |
| Form subdivision | Dictionaries. |
| Source of heading or term | BUEsh |
| 651 ## - SUBJECT ADDED ENTRY--GEOGRAPHIC NAME | |
| Source of heading or term | BUEsh |
| 653 ## - INDEX TERM--UNCONTROLLED | |
| Resource For college | BAEPS, Political Science |
| -- | Humanities: English |
| Arrived date list | November2017 |
| 700 1# - ADDED ENTRY--PERSONAL NAME | |
| Personal name | McLean, Iain, |
| Relator term | editor. |
| 9 (RLIN) | 26231 |
| 700 1# - ADDED ENTRY--PERSONAL NAME | |
| Personal name | McMillan, Alistair, |
| Relator term | editor. |
| 856 40 - ELECTRONIC LOCATION AND ACCESS | |
| Materials specified | Online E-book |
| Uniform Resource Identifier | <a href="https://languages.oup.com/">https://languages.oup.com/</a> |
| 942 ## - ADDED ENTRY ELEMENTS (KOHA) | |
| Source of classification or shelving scheme | Dewey Decimal Classification |
| Koha item type | Reference (NB) |
| Withdrawn status | Lost status | Source of classification or shelving scheme | Damaged status | Not for loan | Collection code | Home library | Current library | Shelving location | Date acquired | Source of acquisition | Total Checkouts | Full call number | Barcode | Date last seen | Koha item type | Price effective from | Total Renewals | Date checked out |
|---|---|---|---|---|---|---|---|---|---|---|---|---|---|---|---|---|---|---|
| Dewey Decimal Classification | Baccah | Central Library | Central Library | First floor | 08/11/2017 | Purchase | 320.03 CON | 000042421 | 21/04/2026 | Reference (NB) | ||||||||
| Dewey Decimal Classification | unknown | Central Library | Central Library | First floor | 08/11/2017 | Purchase | 320.03 CON | 000042422 | 15/07/2025 | Reference (NB) | 08/11/2017 | |||||||
| Dewey Decimal Classification | unknown | Central Library | Central Library | First floor | 23/11/2017 | Purchase | 1 | 320.03 CON | 000042294 | 15/07/2025 | Reference (NB) | 9 | 13/11/2019 |